| 000 | 00789nam a2200205 a 4500 | ||
|---|---|---|---|
| 001 | 000028015 | ||
| 005 | 20200930031259.0 | ||
| 008 | 110406s1998 dr a 0 0 0 spa d | ||
| 040 |
_aDO-SdBNP _bspa _cBNPHU |
||
| 082 |
_axxxx _bB874c |
||
| 100 | 1 |
_aBroszat, Wolfgang _955056 |
|
| 245 | 1 | 0 |
_aControl natural de plagas y enfermedades. / _cWolfgang Broszat y Tito Pérez Quevedo. |
| 260 |
_aSanto Domingo : _bFunadción Para el Desarrollo Comunitario (FUDECO), _c1998. |
||
| 300 |
_a24 p. : _bil.9. |
||
| 490 | 1 |
_aFolleto _v1 |
|
| 500 | _aEn la cubierta: Información para quienes quieren saber algo sobre los métodos naturales para controlar las plagas y enfermadades en los cultivos agrícolas | ||
| 700 | 1 |
_aPérez Quevedo, Tito _955057 |
|
| 830 | 0 |
_aFolleto _v1 _955058 |
|
| 049 | _aBNPD | ||
| 999 |
_c27507 _d27507 |
||